Statystyki dla Kość piszczelowa i strzałkowa

Kliknij tutaj aby rozwiązać quiz!

Ogólne statystyki

  • Ten quiz został rozwiązany 5 razy
  • Średni wynik to 12 z 40

Statystyki odpowiedzi

Odpowiedź% Poprawnych
guzowatość piszczeli
100%
kłykieć boczny
100%
kłykieć przyśrodkowy
100%
brzeg przedni strzałki
75%
głowa strzałki
75%
kostka boczna
75%
kostka przyśrodkowa
75%
powierzchnia boczna strzałki
75%
wyniosłość międzykłykciowa
75%
powierzchnia przyśrodkowa strzałki
50%
szyjka strzałki
50%
brzeg międzykostny piszczela
25%
brzeg między kostny strzałki
25%
brzeg przedni piszczela
25%
brzeg przyśrodkowy piszczela
25%
guzek Gerdy'ego
25%
guzek międzykłykciowy boczny
25%
guzek międzykłykciowy przyśrodkowy
25%
kość piszczelowa
25%
powierzchnia przyśrodkowa piszczela
25%
powierzchnia stawowa dolna
25%
powierzchnia stawowa kostki bocznej
25%
powierzchnia tylna strzałki
25%
powierzchnie stawowe górne
25%
strzałka
25%
wcięcie strzałkowe
25%
bruzda dla przyczepu końcowego ścięgna mięśnia półbłoniastego
0%
bruzda mięśnia zginacza długiego palców
0%
bruzda ścięgna mięśnia piszczelowego tylnego
0%
brzeg tylny strzałki
0%
dół kostki
0%
grzebień przyśrodkowy
0%
kresa mięśnia płaszczkowatego
0%
kresa skośna
0%
otwór odżywczy
0%
pole międzykłykciowe przednie
0%
pole międzykłykciowe tylne
0%
powierzchnia boczna piszczela
0%
powierzchnia stawowa kostki przyśrodkowej
0%
wierzchołek strzałki
0%

Rozkład punktacji

Percentyl według liczby udzielonych odpowiedzi

Procent ludzi z każdym wynikiem

Twoja historia wyników

Nie rozwiązałeś tego quizu